000 00693cam a2200205 4500
001 D7560
008 090401t1947 xxu||||| |||| 00| 0 eng d
035 _a(Sirsi) u8025
041 _aeng
050 _a526.902462
_c18
100 _aNicholson, Brian
245 4 _aThe River Lar survey for the Imperial Government of Persia. The portion plotted with multiplex projectors at the War Office
260 _c1947
300 _a16p.
_bill.
_c37cm
350 _a0
520 _aThis thesis is an unpublished work and therefore cannot be photocopied without the author's permission.
690 _aENVIRONMENTAL AND LAND CONSULTANCY-GEOMATICS-LAND SURVEYING
942 _n0
948 _c04/03/1997
999 _c86476
_d86476